The Other side of God : a polarity in world religions /

Bibliographic Details
Other Authors: Berger, Peter L., 1929-2017
Format: Book
Language:English
Published: Garden City, N.Y. : Anchor Press/Doubleday, 1981.
Edition:1st ed.
Subjects:

MARC

Tag First Indicator Second Indicator Subfields
LEADER 00000pam a2200000 a 4500
001 in00000081027
005 20180310063110.0
008 810218s1981 nyu b 00000 eng
010 |a  80002844  
020 |a 0385174241 (hardcover) 
020 |a 0385174233 (pbk.) :  |c $6.95 
035 |a (OCoLC)07272372 
035 |9 AAJ3311AM 
039 0 |a 2  |b 3  |c 3  |d 3  |e 3 
040 |a DLC  |c DLC  |d TXA  |d UtOrBLW 
049 |a TXAM  |c [1387502] 
050 0 0 |a BL48  |b .O78 
082 0 |a 291  |2 19 
245 0 4 |a The Other side of God :  |b a polarity in world religions /  |c edited by Peter L. Berger. 
250 |a 1st ed. 
264 1 |a Garden City, N.Y. :  |b Anchor Press/Doubleday,  |c 1981. 
300 |a viii, 304 pages ;  |c 22 cm. 
336 |a text  |b txt  |2 rdacontent 
337 |a unmediated  |b n  |2 rdamedia 
338 |a volume  |b nc  |2 rdacarrier 
504 |a Includes bibliographical references. 
650 0 |a Religion. 
650 0 |a Religions. 
700 1 |a Berger, Peter L.,  |d 1929-2017. 
999 |a MARS 
999 f f |s 552d59c8-0b0a-3061-bc26-05eb7064113f  |i 202ffa4b-8979-3cff-807f-94d78fc8eacf  |t 0 
952 f f |p ric  |a Texas A&M University  |b Rellis Campus  |c Joint Library Facility  |d Remote Storage  |t 0  |e BL48 .O78  |h Library of Congress classification  |i unmediated -- volume  |m A14806089172 
998 f f |a BL48 .O78  |t 0  |l Remote Storage